000 01480nam a22002297a 4500
999 _c57347
_d57347
003 Ge_BSU
005 20200527143805.0
008 200527s2018 ge ||||| |||| 00| 0 geo d
020 _a9789941956102
041 _ageo
080 _a343.13(075.8) + 347.934(075.8) ს-14
245 _aსაგამოძიებო სამართალი :
_b[სახელმძღვანელო]. ნაწ. 1 /
_cჯემალ გახოკიძე, ირაკლი გაბისონია, მიხეილ მამნიაშვილი, პოლიკარპე (თემურ) მონიავა.
264 _aთბილისი :
_bიურისტების სამყარო,
_c2018.
300 _a370 გვ.
_b21 სმ.
500 _aწიგნი გამოცემულია საქ. ტექნ. უნ-ტის სამართლისა და საერთაშორისო ურთიერთობების ფაკ-ტის მხარდაჭერით.
504 _aბიბლიოგრ.: გვ. 363-368.
653 _aსაგამოძიებო სამართალი
700 _aგაბისონია, ირაკლი
_eავტორი
_97024
700 _aმამნიაშვილი, მიხეილ
_eავტორი
_98217
700 _aმონიავა, პოლიკარპე
_eავტორი
_98218
942 _2udc
_cBK